MARC details
| 000 -CABECERA |
| campo de control de longitud fija |
01283cam a22003254a 4500 |
| 003 - IDENTIFICADOR DEL NÚMERO DE CONTROL |
| campo de control |
UPN |
| 005 - FECHA Y HORA DE LA ÚLTIMA TRANSACCIÓN |
| campo de control |
20240912063735.0 |
| 008 - ELEMENTOS DE LONGITUD FIJA--INFORMACIÓN GENERAL |
| campo de control de longitud fija |
090213s1998 es r 000 0 spa d |
| 020 ## - NÚMERO INTERNACIONAL NORMALIZADO PARA LIBROS |
| Número Internacional Estándar del Libro |
8433905589 |
| 035 ## - NÚMERO DE CONTROL DEL SISTEMA |
| Número de control de sistema |
UPN01000169266 |
| 040 ## - FUENTE DE LA CATALOGACIÓN |
| Centro catalogador/agencia de origen |
UPN |
| Lengua de catalogación |
spa |
| Centro/agencia transcriptor |
UPN |
| 049 ## - COLECCIÓN |
| Colección |
CG |
| 050 #4 - SIGNATURA TOPOGRÁFICA DE LA BIBLIOTECA DEL CONGRESO |
| Número de clasificación |
BS535 |
| Número de documento/Ítem |
H57 |
| 245 03 - MENCIÓN DE TÍTULO |
| Título |
La historia más bella de Dios : |
| Resto del título |
¿quién es el Dios de la Biblia? / |
| Mención de responsabilidad, etc. |
Jean Bottéro, Marc-Alain Ouaknin, Joseph Moingt entrevistados por Heléne Monsacré y Jean-Louis Schelegel ; traducción de Óscar Luis Molina S. |
| 260 ## - PUBLICACIÓN, DISTRIBUCIÓN, ETC. |
| Lugar de publicación, distribución, etc. |
Barcelona, España : |
| Nombre del editor, distribuidor, etc. |
Anagrama, |
| Fecha de publicación, distribución, etc. |
1998. |
| 300 ## - DESCRIPCIÓN FÍSICA |
| Extensión |
168 páginas |
| 490 0# - MENCIÓN DE SERIE |
| Mención de serie |
Argumentos |
| 534 ## - NOTA SOBRE LA VERSIÓN ORIGINAL |
| Frase introductoria |
Título original: |
| Mención de título del original |
La plus belle histoire de Dieu : qui est le Dieu de la Bible? |
| 650 #0 - ASIENTO SECUNDARIO DE MATERIA - TERMINO TEMATICO |
| Término de materia o nombre geográfico como elemento de entrada |
Cristianismo |
| 9 (RLIN) |
11436 |
| 650 #4 - ASIENTO SECUNDARIO DE MATERIA - TERMINO TEMATICO |
| Término de materia o nombre geográfico como elemento de entrada |
Judaísmo |
| 9 (RLIN) |
12073 |
| 700 1# - ASIENTO SECUNDARIO--NOMBRE DE PERSONAL |
| Nombre de persona |
Bottéro, Jean, |
| Fechas asociadas al nombre |
1914-2007 |
| Término indicativo de función/relación |
entrevistado |
| 9 (RLIN) |
31661 |
| 700 1# - ASIENTO SECUNDARIO--NOMBRE DE PERSONAL |
| Nombre de persona |
Ouaknin, Marc-Alain, |
| Fechas asociadas al nombre |
1957- |
| Término indicativo de función/relación |
entrevistado |
| 9 (RLIN) |
31660 |
| 700 1# - ASIENTO SECUNDARIO--NOMBRE DE PERSONAL |
| Nombre de persona |
Moingt, Joseph, |
| Fechas asociadas al nombre |
1915-2020 |
| Término indicativo de función/relación |
entrevistado |
| 9 (RLIN) |
46409 |
| 700 1# - ASIENTO SECUNDARIO--NOMBRE DE PERSONAL |
| Nombre de persona |
Monsacré, Hélène |
| Término indicativo de función/relación |
entrevistadora |
| 9 (RLIN) |
46410 |
| 700 1# - ASIENTO SECUNDARIO--NOMBRE DE PERSONAL |
| Nombre de persona |
Schlegel, Jean-Louis, |
| Fechas asociadas al nombre |
1946- |
| Término indicativo de función/relación |
entrevistador |
| 9 (RLIN) |
46411 |
| 700 1# - ASIENTO SECUNDARIO--NOMBRE DE PERSONAL |
| Nombre de persona |
Molina Sierralta, Óscar Luis, |
| Fechas asociadas al nombre |
1939- |
| Término indicativo de función/relación |
traductor |
| 9 (RLIN) |
46412 |
| 902 ## - ELEMENTOS DE DATOS B LOCAL, LDB (RLIN) |
| Modificó |
Carolina Alvarado/190922/M |
| 905 ## - TIPO DE MATERIAL |
| Tipo de material |
Libro |
| 942 ## - ELEMENTOS DE PUNTO DE ACCESO ADICIONAL (KOHA) |
| Fuente del sistema de clasificación o colocación |
Library of Congress Classification |
| Tipo de ítem Koha |
Libro |